000 00427nam a2200181Ia 4500
001 1795
005 20260306143755.0
008 260306t2016||||xx |||||||||||||| ||spa||
041 _aESP
082 _a155.413
_bT18
100 _aTamarit Valero, Amparo
_eAUT
245 0 _aDesarrollo cognitivo y motor
260 _c2016
300 _a201 páginas :
_c26 cm.
650 _aGEN
654 _aCPS
942 _cLIB
_dJUS
_fJUS
_2ddc
_n
999 _c1795
_d1795